Gaming Quiz

Random Gaming or Mario Quiz

Super Mario Galaxy 2 Missions Quiz Stats

 Plays Quiz not verified by Sporcle

Challenge
Share
Tweet
Embed
Score 0/122 Timer 20:00
0 Plays Today
Galaxy Mission % Correct
Yoshi StarSaddle Up with Yoshi
65.7%
Yoshi StarSpiny Control
61.2%
Sky StationPeewee Piranha's Temper Tantrum
59.7%
Sky StationStorming the Sky Fleet
53.7%
Yoshi StarSpiny Rainbow Romp
53.7%
Flip-SwapThink Before You Shake
53.7%
GrandmasterThe Perfect Run
53.7%
Fluffy BluffThe Chimp's Stomp Challenge
50.7%
Sky StationPeewee Piranha's Speed Run
49.3%
Spin-DigDigga-Leg's Planet
49.3%
Spin-DigDigga-Leg's Daredevil Run
49.3%
Spin-DigSilver Stars Down Deep
46.3%
Bowser Jr.'s Fiery FlotillaGobblegut's Aching Belly
46.3%
Boulder BowlC'mere, Goomba
46.3%
Rightside DownBreaking the Laws of Gravity
44.8%
Puzzle PlankBugaboom's Back
44.8%
Fluffy BluffEvery Planet Has Its Price
43.3%
Freezy FlakeThe Chimp's Skating Challenge
43.3%
Hightail FallsHot-Stepping Dash Pepper
41.8%
Beat BlockStep to the Beep
40.3%
Space StormC'mere, Topman
40.3%
Fluffy BluffSearch for the Toad Brigade Captain
38.8%
Wild GlideFluzzard's First Flight
38.8%
Boulder BowlRock and Rollodillo
37.3%
HoneyhopThe Chimp's Score Challenge
37.3%
GrandmasterThe Ultimate Test
37.3%
Puzzle PlankThe Puzzling Picture Block
35.8%
Boulder BowlRolling Crabber Romp
35.8%
Tall TrunkTall Trunk's Big Slide
35.8%
Bowser Jr.'s Fiery FlotillaFiery Flotilla Speed Run
34.3%
Hightail FallsHightail Falls Speed Run
34.3%
HoneybloomThe Secret Wall Jump
34.3%
FlipsvilleFlipsville's New Digs
34.3%
ChompworksSpring into the Chompworks
34.3%
Rightside DownThe Great Crate Incinerator
32.8%
Cosmic CoveTwin Falls Hideaway
32.8%
Freezy FlakeBowser on Ice
32.8%
Upside DizzyA Walk on the Weird Side
32.8%
Cosmic CoveCatch That Star Bunny
31.3%
Bowser's Lava LairBowser's Big Lava Power Party
31.3%
Freezy FlakeSorbetti's Chilly Reception
31.3%
Galaxy Mission % Correct
ChompworksWhere the Chomps Are Made of Gold
31.3%
SlipsandSquizzard's Sandy Sinkhole
31.3%
Melty MonsterThe Chimp's Bowling Challenge
31.3%
Clockwork RuinsTime for Adventure
31.3%
Puzzle PlankPurple Coin Shadow Vault
29.9%
Hightail FallsSilver Stars in Hightail Falls
29.9%
Cosmic CoveExploring the Cosmic Cavern
29.9%
SupermassiveHuge Trouble with Big Wigglers
29.9%
Sweet MysteryBulb Berry's Mysterious Glow
29.9%
Space StormFollow Me, Bob-omb
29.9%
Mario SquaredMake Mario a Star
29.9%
Flip-SwapPurple Coin Flip 'n' Sprint
28.4%
HoneybloomBumble Beginnings
28.4%
Bowser's Lava LairLava Lair Speed Run
28.4%
Haunty HallsA Glimmer of Bulb Berry
28.4%
Bowser Jr.'s Fearsome FleetMegahammer's Daredevil Bash
28.4%
SupermassiveIn Full Bloom
28.4%
Space StormTo the Top of Topman's Tower
28.4%
ShiverburnThe Chimp's Ultimate Skating Challenge
28.4%
Battle BeltMini-Planet Mega-Run
28.4%
Slimy SpringThe Chimp's Coin Challenge
28.4%
Twisty TrialsTurning Turning Double Time
28.4%
Wild GlideJungle Fluzzard Race
26.9%
Beat BlockSilver Stars in Double Time
26.9%
SupermassiveBig Wigglers Speed Run
26.9%
ChompworksCosmic Clones in the Chompworks
26.9%
Sweet MysteryBulb Berry's Purple Coin Glow
26.9%
SlipsandSquizzard's Daredevil Run
26.9%
ShiverburnPrince Pikante's Peppery Mood
26.9%
Battle BeltSnacktime for Gobblegut
26.9%
Boss BlitzThrowback Throwdown
26.9%
Tall TrunkThe Flotacious Blimp Fruit
25.4%
Cloudy CourtHead in the Clouds
25.4%
Cloudy CourtThe Shadow Lining
25.4%
Haunty HallsSneaking Down the Creepy Corridor
25.4%
FlipsvilleFlip-Flopping in Flipsville
25.4%
HoneyhopThe Sweetest Silver Stars
25.4%
ThrowbackReturn of the Whomp King
25.4%
Mario SquaredLuigi's Purple Coin Chaos
25.4%
Tall TrunkTall Trunk's Purple Coin Slide
23.9%
Cloudy CourtSilver Stars in the Purple Pond
23.9%
Galaxy Mission % Correct
Rolling MasterpieceSilver Chomp Grudge Match
23.9%
Rolling MasterpieceMasterpiece Speed Run
23.9%
Bowser Jr.'s Fearsome FleetBowser Jr.'s Mighty Megahammer
23.9%
Starshine BeachClimbing the Cloudy Tower
23.9%
SlipsandSailing the Sandy Seas
23.9%
Fleet GlideFastest Feathers in the Galaxy
23.9%
Bowser Jr.'s Boom BunkerBowser Jr.'s Boomsday Machine
23.9%
Melty MonsterA Stroll Down Rolling Lane
23.9%
Haunty HallsSpooky Cosmic Clone Chase
22.4%
Starshine BeachSurf, Sand, and Silver Stars
22.4%
Melty MonsterThe Magnificent Magma Sea
22.4%
Clockwork RuinsThe Adventure of the Purple Coins
22.4%
Battle BeltMini-Planet Daredevil Run
22.4%
Bowser's Galaxy GeneratorBowser's Big Bad Speed Run
22.4%
Twisty TrialsSpinning and Spinning and Spinning
22.4%
Flip-OutWicked Wall Jumps
22.4%
Bowser's Gravity GauntletGravity Star Speed Run
20.9%
Boo MoonSilver Stars Pop-Up
20.9%
Upside DizzyBurning Upside Dizzy
20.9%
Clockwork RuinsThe Ledge Hammer Trap
20.9%
Flash BlackDark Octo-Army Romp
20.9%
FlipsvillePurple Coin Spin Speed Run
19.4%
Bowser's Gravity GauntletBreaking into Bowser's Castle
19.4%
Bowser Jr.'s Boom BunkerBoomsday Machine Daredevil Run
19.4%
Flash BlackJumping Around in the Dark
19.4%
Boss BlitzThrowback Throwdown Speed Run
19.4%
Flip-OutCosmic Clone Wall Jumpers
19.4%
Starshine BeachPurple Coin Beach Dash
17.9%
Fleet GlideFluzzard's Wild Battlefield Glide
17.9%
Boo MoonHaunting the Howling Tower
16.4%
ThrowbackSilver Stars in the Whomp Fortress
16.4%
ThrowbackWhomp Silver Star Speed Run
16.4%
Bowser's Galaxy GeneratorBowser's Fortified Fortress
16.4%
Rolling CoasterThe Rainbow Road Roll
16.4%
Stone CycloneSilver Stars on the Cyclone
16.4%
Stone CycloneTox Box Speed Run
16.4%
Boo MoonThe Star in the Sinking Swamp
14.9%
Slimy SpringThe Deep Shell Well
14.9%
Rolling CoasterPurple Coins on the Rainbow Road
14.9%
ShiverburnOcto-Army Icy Rainbow Romp
13.4%

You're not logged in!

Compare scores with friends on all Sporcle quizzes.
OR
Log In

You Might Also Like...

Show Comments

Extras

Top Quizzes Today


Score Distribution

Your Account Isn't Verified!

In order to create a playlist on Sporcle, you need to verify the email address you used during registration. Go to your Sporcle Settings to finish the process.

Report this User

Report this user for behavior that violates our Community Guidelines.

Details: